A study on crimes against women (Record no. 18069)

000 -LEADER
fixed length control field 00384pab a2200157 454500
008 - FIXED-LENGTH DATA ELEMENTS--GENERAL INFORMATION
fixed length control field 180718b1983 xxu||||| |||| 00| 0 eng d
100 ## - MAIN ENTRY--PERSONAL NAME
Personal name Misra, Surat
245 ## - TITLE STATEMENT
Title A study on crimes against women
260 ## - PUBLICATION, DISTRIBUTION, ETC.
Date of publication, distribution, etc. 1983
300 ## - PHYSICAL DESCRIPTION
Extent 1-21
362 ## - DATES OF PUBLICATION AND/OR SEQUENTIAL DESIGNATION
Dates of publication and/or sequential designation Oct.-Dec.
650 ## - SUBJECT ADDED ENTRY--TOPICAL TERM
Topical term or geographic name entry element Sex Crimes - India
700 ## - ADDED ENTRY--PERSONAL NAME
Personal name J.C. Arora
773 ## - HOST ITEM ENTRY
Main entry heading Police Research and Development
909 ## -
-- 18069
Holdings
Withdrawn status Lost status Damaged status Not for loan Permanent Location Current Location Date acquired Serial Enumeration / chronology Barcode Date last seen Price effective from Koha item type
        Indian Institute of Public Administration Indian Institute of Public Administration 2018-07-19 Issue no: 4 AR18131 2018-07-19 2018-07-19 Articles

Powered by Koha